Alfabetyczna Azja - Quiz - Statystyki

Ogólne statystyki
  • Ten quiz został rozwiązany 36 razy
    18 od ostatniego zresetowania
  • Średni wynik to 17 z 25
Statystyki odpowiedzi
Wskazówka Odpowiedź % Poprawnych
D Miasto, w którym znajduje się np. hotel Burj al Arab, Cayan Tower czy Marina 101 Dubaj
93%
A Stolica, która w latach 2019-2022 nazywała się Nur Sułtan Astana
87%
E Jedna z dwóch głównych rzek przepływających przez Irak Eufrat
87%
F Państwo, którego flaga w przypadku wojny zostaje odwrócona do góry nogami Filipiny
87%
K Największe jezioro na świecie - Morze __________ Kaspijskie
87%
R Produkt zbożowy z białych zazwyczaj ziaren będący podstawą żywności w Azji wschodniej Ryż
87%
G Nazwa pustyni na terenie południowej Mongolii i północnych Chin Gobi
80%
I Nazwa półwyspu, na którym położone są np. Tajlandia czy Laos Indochiński
80%
P Państwo leżące w Australii i Oceanii, które graniczy z Indonezją Papua Nowa Gwinea
80%
C Nazwa głównej wyspy, na której położona jest Sri Lanka Cejlon
73%
H Napój parzony z liści zioła o takiej samej nazwie Herbata
73%
Z Metal szlachetny, którego największe wydobycie przypada Chinom i Rosji Złoto
73%
B Nazwa najwyższego budynku świata Burdż Chalifa
67%
Ł Biały ptak będący symbolem wdzięku, piękna i doskonałości Łabędź
67%
S Zwierzę z dawnych wierzeń wschodnich Azjatów, pojawia się np. na fladze Bhutanu Smok
67%
U Jedyna stolica zaczynająca się na tę literę Ułan Bator
67%
M Nazwa słonego jeziora położonego pomiędzy Izraelem a Jordanią Morze Martwe
60%
W Żyjąca w Indonezji, na wyspie Komodo wielka jaszczurka Waran
60%
J Duży, owłosiony ssak żyjący w indyjskich i chińskich Himalajach (również spójnik i zaimek) Jak
53%
O Państwo na terenie półocnej Gruzji, które uznawane jest jedynie przez kilka innych krajów, w tym Rosję czy Wenezuelę Osetia Południowa
53%
Ś Nazwa owada, którego odwłok za sprawą rekacji chemicznej świeci. Najwięcej jego gatunków można spotkać w Azji Świetlik
53%
Ż Inna nazwa rzeki Huang He Żółta Rzeka
53%
T Najdłuższa linia kolejowa świata prowadząca z Moskwy do Władywostoku Transsyberyjska
47%
L Ten deser w tajskim stylu robi się wylewając na płytę, której temperatura wynosi -20 stopni mleko kokosowe i dodatki, a następnie ubijając wszystko szpachelkami Lody
40%
N Największy rosyjski archipelag na Oceanie Arktycznym Nowa Ziemia
27%
Nie znaleziono quizów pasujących do podanych kryteriów
Rozkład punktacji
Procent ludzi z każdym wynikiem
Percentyl według liczby udzielonych odpowiedzi
Twoja historia wyników
Nie rozwiązałeś tego quizu od ostatniego zresetowania